Типовые должностные инструкции работников проектной организации (руководителей, специалистов проектных подразделений и службы качества): Для разработки и внедрения системы качества на основе стандартов ИСО серии 9000

Bibliografiska uppgifter
Språk:ryska
Publicerad: Москва, ЦНИОпроект-ИНВЕСТ, 2000
Upplaga:2-е изд.
Serie:Справочник проектировщика Вып. 5
Ämnen:
Materialtyp: Bok
KOHA link:https://koha.lib.tpu.ru/cgi-bin/koha/opac-detail.pl?biblionumber=22709

MARC

LEADER 00000nam0a2200000 4500
001 22709
005 20231030194836.0
035 |a (RuTPU)RU\TPU\book\22922 
035 |a BOOK00000686 
090 |a 22709 
100 |a 20011209d2000 km y0rusy50 ca 
101 0 |a rus 
102 |a RU 
105 |a y g 000zy 
200 1 |a Типовые должностные инструкции работников проектной организации (руководителей, специалистов проектных подразделений и службы качества)  |e Для разработки и внедрения системы качества на основе стандартов ИСО серии 9000 
205 |a 2-е изд. 
210 |a Москва  |c ЦНИОпроект-ИНВЕСТ  |d 2000 
215 |a 86 с. 
225 1 |a Справочник проектировщика  |v Вып. 5 
610 1 |a проектные организации 
610 1 |a должностные инструкции 
610 1 |a качество 
610 1 |a службы 
610 1 |a стандарты ИСО 
675 |a 658.562  |v 3 
801 0 |a RU  |b 63413507  |c 20011209  |g PSBO 
801 2 |a RU  |b 63413507  |c 20090409  |g PSBO 
942 |c BK